000
00279nam a2200121Ia 4500
100
_a
Wilson/Frank W
942
_c
BK
654
_a
Handbook
245
_a
Manufacturing Planning & Estimating Handbook
260
_b
McGraw Hill
_a
NEWYORK
_c
1963
082
_a
620
546
_a
ENGLISH
999
_c
20522
_d
20522